| 000 | 00961cam a2200205 4500 | ||
|---|---|---|---|
| 001 | ABS63011 | ||
| 008 | 000000n2000 000 0 eng u | ||
| 035 | _a(Sirsi) u109246 | ||
| 100 | _aMinogue, A. | ||
| 245 | 4 | _aThe chickens fight back | |
| 260 | _c2000 | ||
| 490 |
_aBuilding _v265(8160) 3 November 2000, 62-63(2) |
||
| 520 | _aArgues that "Discain Project Services v Opecprime Development Ltd" will make a considerable difference to the adjudication system. Suggests the case brings complex legal concepts of 'natural justice' into the adjudication arena. Notes that in many cases adjudication will have resulted in breaches of the rules of natural justice. Predicts the Discain ruling will lead to a host of challenges to adjudicators' decisions. | ||
| 590 | _aABS | ||
| 650 | _aDISCAIN PROJECT SERVICES LTD V OPECPRIME DEVELOPMENT LTD | ||
| 650 | _aNATURAL JUSTICE | ||
| 650 | _aFAIRNESS | ||
| 690 |
_aDispute resolution _96236 |
||
| 942 | _n0 | ||
| 999 |
_c65213 _d65213 |
||